[Event "FIDE Chesscom Grand Swiss 2019"]
[Site "Douglas-Isle of Man"]
[Date "2019.10.17"]
[Round "7.1"]
[White "Grischuk, Alexander"]
[Black "Caruana, Fabiano"]
[Result "1/2-1/2"]
[WhiteElo "2759"]
[BlackElo "2812"]
[Annotator "TA"]
[PlyCount "84"]
[EventDate "2019.10.10"]
[EventType "swiss"]
[EventCountry "GBR"]
[SourceTitle "playchess.com"]
[Source "ChessBase"]
[SourceQuality "1"]

{[%evp 9,84,6,7,0,16,0,-7,-29,0,-18,0,0,18,11,55,-2,0,0,0,0,0,0,54,52,54,54,52,13,13,10,0,19,23,-41,-51,-57,-47,-60,-46,-44,-22,-17,-8,0,-8,-4,0,-12,-16,-18,-20,-46,-43,-45,-42,-40,-53,-47,-21,-83,0,0,0,0,0,0,0,0,0,0,0,0,0,0,0,0,0]} 1. c4 e5 2. g3 Nf6 3. Bg2 c6 4. d4 e4 5. a3 (5. Bg5 d5 6. Bxf6 Qxf6 7. Nc3 Bb4 8. e3 O-O 9. Nge2 Be6 10. O-O Qe7 11. Nf4 Bxc3 12. bxc3 Nd7 {½-½ (27) So,W (2754)-Anand,V (2767) Zagreb 2019}) 5... d5 6. Nc3 {A20: English Opening: 1...e5} Be7 $146 ({Predecessor:} 6... Bd6 7. h4 h6 8. Nh3 Na6 9. Nf4 Nc7 10. c5 Be7 11. b4 O-O 12. e3 Bg4 {0-1 (67) Granados Gomez,M (2388)-Oratovsky,M (2486) Barcelona 2015}) 7. f3 exf3 8. Nxf3 O-O 9. O-O h6 10. Nh4 Re8 11. Nf5 $36 {[%mdl 2048] White has the initiative.} Bf8 12. g4 (12. cxd5 $14 cxd5 13. g4) 12... Bxf5 13. Rxf5 {[%cal Rc4d5]} dxc4 14. e4 Nbd7 15. g5 Nh7 (15... hxg5 $11 16. Bxg5 c5) 16. gxh6 $14 g6 $1 {[%cal Rg6f5]} 17. Rf1 Qh4 18. Bf4 Bxh6 19. Bg3 $1 {[%cal Rg3h4]} Qe7 20. e5 f5 21. b3 (21. exf6 $11 Nhxf6 22. d5) 21... Nb6 $15 22. bxc4 Nxc4 23. Qb3 Qf7 24. Rab1 Be3+ 25. Bf2 Bxf2+ 26. Rxf2 {And now e6 would win.} Rad8 27. Ne2 Re7 28. h4 Nd2 29. Qxf7+ Rxf7 30. Rb4 Nf8 31. Nc3 a5 32. Ra4 Nb3 {[#] Strongly threatening ...b5.} 33. d5 Kg7 34. h5 (34. Rb2 $11 Nc5 35. Rxa5) 34... b5 (34... cxd5 $17 {aiming for ...d4.} 35. Nxd5 g5) 35. Raf4 $11 {The position is equal.} cxd5 36. Nxb5 Re7 37. hxg6 Nxg6 38. Rxf5 d4 39. Nd6 Rxe5 40. Rf7+ Kg8 41. R7f6 {[#] Nf7 is the strong threat.} Kg7 {White must now prevent ...Re1+.} 42. Rf7+ Kg8 {Accuracy: White = 59%, Black = 69%.} 1/2-1/2

[Event "FIDE Chesscom Grand Swiss 2019"]
[Site "Douglas-Isle of Man"]
[Date "2019.10.15"]
[Round "7.1"]
[White "Vallejo Pons, Francisco"]
[Black "Alekseev, Evgeny"]
[Result "1/2-1/2"]
[WhiteElo "2694"]
[BlackElo "2629"]
[Annotator "TA"]
[PlyCount "90"]
[EventDate "2019.10.10"]
[EventType "swiss"]
[EventCountry "GBR"]
[SourceTitle "playchess.com"]
[Source "ChessBase"]
[SourceQuality "1"]

{[%evp 11,90,26,29,15,11,27,27,25,33,28,33,37,35,27,69,69,79,68,79,0,0,0,0,0,18,0,0,0,0,0,14,21,33,26,19,-31,39,16,29,22,16,22,32,0,0,0,28,24,20,14,36,29,107,44,47,61,50,22,22,18,18,16,29,17,26,4,3,3,3,3,3,3,3,3,7,7,7,0,0,0,0]} 1. Nf3 c5 2. e4 e6 3. d4 cxd4 4. Nxd4 Nc6 5. Nc3 a6 6. Bf4 d6 {With the idea ...Nxd4.} 7. Nxc6 {B46: Sicilian: Taimanov: 5 Nc3 a6} bxc6 8. Qd2 d5 9. O-O-O {White has an edge.} Nf6 10. g4 Bb4 11. Bg2 O-O 12. g5 (12. exd5 Nxd5 13. Bxd5 cxd5 $15) 12... Nd7 13. a3 $1 {[%cal Ra3b4]} (13. exd5 cxd5 14. a3 Ba5 $11) 13... Ba5 {[#]} 14. h4 $1 {[#]} ({But not} 14. exd5 cxd5 15. h4 Bb7 $11) 14... Bb7 $146 ({Predecessor:} 14... Re8) 15. Bd6 ({Of course not} 15. exd5 cxd5 16. Rh3 Nb6 $11) (15. h5 $16) 15... Re8 $11 16. Rh3 Nb6 $1 17. Bc5 Na4 (17... Nd7 {is interesting.} 18. Be3 Ne5 19. Kb1 Nc4 20. Qd3 Ne5) 18. Bb4 Bxb4 19. axb4 Nb6 20. f4 Qd6 21. Qf2 Nd7 ({Wrong is} 21... Qxb4 $2 22. Na2 $18) 22. exd5 exd5 23. Qd4 Nf8 (23... Rab8 $1 $15) 24. f5 $14 Rab8 25. Rf3 Bc8 26. Rf4 $36 {[%mdl 2048] White has good play.} Qe5 27. Qxe5 Rxe5 28. Rdf1 Rb7 29. Na4 g6 30. Nc5 {[%mdl 64] Double Attack} Ra7 {[%cal Rc8f5]} 31. fxg6 hxg6 (31... Nxg6 $11 {remains equal.} 32. Rf6 Nxh4 33. Rxc6 Nxg2 34. Rxc8+ Kg7) 32. Kd2 ({White should try} 32. Rf6 $16) 32... Bf5 33. Ra1 Bxc2 34. Bf1 Bf5 35. Rxa6 Rc7 36. Bd3 Ne6 37. Nxe6 Bxe6 38. Ra5 Rb7 {The position is equal.} 39. Rc5 Bd7 40. Rd4 Kf8 {[#]} 41. b5 $1 {[%mdl 512]} cxb5 42. Rdxd5 Rxd5 43. Rxd5 Ke7 44. b4 Ke6 45. Rc5 Rb8 {Accuracy: White = 65%, Black = 68%.} 1/2-1/2

[Event "FIDE Chesscom Grand Swiss 2019"]
[Site "Douglas-Isle of Man"]
[Date "2019.10.17"]
[Round "7.2"]
[White "Aronian, Levon"]
[Black "Wang, Hao"]
[Result "1-0"]
[WhiteElo "2758"]
[BlackElo "2726"]
[Annotator "TA"]
[PlyCount "117"]
[EventDate "2019.10.10"]
[EventType "swiss"]
[EventCountry "GBR"]
[SourceTitle "playchess.com"]
[Source "ChessBase"]
[SourceQuality "1"]

{[%evp 21,117,-8,-1,-8,29,33,36,34,38,27,43,13,30,23,24,22,71,69,59,67,80,79,69,73,63,67,100,101,103,97,103,93,106,109,112,114,108,100,131,123,131,131,131,131,131,114,131,114,114,114,114,100,114,114,114,114,114,114,114,114,114,80,80,80,80,80,80,81,169,169,169,72,72,72,72,72,72,72,72,0,0,0,0,0,0,0,0,0,58,58,152,163,1239,1199,1049,914,873,866]} 1. d4 Nf6 2. c4 e6 3. Nf3 d5 4. Nc3 c5 5. cxd5 Nxd5 6. e3 Nc6 7. Bd3 Be7 8. a3 Nxc3 9. bxc3 O-O 10. Qc2 h6 11. O-O b6 12. Rd1 {D42: Queen's Gambit Declined: Semi-Tarrasch: 5 cxd5 Nxd5 6 e3 Nc6 7 Bd3} Bf6 $146 ({Predecessor:} 12... cxd4 13. cxd4 Bb7 14. Bb2 Rc8 15. Qe2 Bf6 16. Bb5 Na5 17. e4 {½-½ (30) Emms,J (2488)-Webb,L (2306) Hull 2018}) 13. dxc5 Qc7 14. cxb6 {White is slightly better.} axb6 15. Bb2 Ne5 16. Bh7+ Kh8 17. Be4 Ra5 18. c4 $36 {[%mdl 2048] White fights for an advantage.} Nxf3+ 19. Bxf3 Bxb2 20. Qxb2 Ba6 21. Be2 Bxc4 22. Bxc4 Qxc4 23. Qxb6 Raa8 24. Qb4 Qc7 25. h3 Qa5 26. Qf4 Qf5 27. Qxf5 exf5 $16 {[%mdl 4096] Endgame KRR-KRR} 28. Rd5 g6 29. a4 {[%cal Ba3a4,Ba4a5][%mdl 32]} Rfc8 30. Ra2 Rc1+ 31. Kh2 h5 32. a5 Ra6 33. g3 Kg7 34. Kg2 Rb1 35. Kf3 Kf6 36. Rc5 Ke6 37. h4 Rb4 38. Rd2 Rb7 39. Kf4 Kf6 40. Rcd5 Ke6 41. Kg5 Rba7 42. Kh6 Rxa5 43. Rd6+ Ke7 44. Kg7 {Threatens to win with Rf6.} R5a6 (44... Ra2 $16) 45. R6d5 $1 $18 Ra5 46. Rxa5 (46. f4 $1 $18 {is more deadly.}) 46... Rxa5 {KR-KR} 47. Rb2 {And now Rb7+ would win.} Ra7 48. Rb5 Ra2 49. Rb7+ Ke6 {[#]} 50. Rxf7 (50. f4 $1 $16) 50... Rxf2 $11 51. Rf6+ Ke5 52. Rxg6 {aiming for Rg5.} Rf3 53. Kh6 Rxe3 54. Kxh5 f4 (54... Rd3 $11) 55. g4 $1 $14 {[%cal Rg4g5]} f3 {[#]} (55... Ke4 $1 $14) 56. Kg5 $1 $16 Ra3 $2 (56... Rd3) 57. Rf6 $18 {White is clearly winning.} Ra8 58. Rf5+ Ke4 59. h5 {Accuracy: White = 79%, Black = 50%.} 1-0

[Event "FIDE Chesscom Grand Swiss 2019"]
[Site "Douglas-Isle of Man"]
[Date "2019.10.15"]
[Round "7.2"]
[White "Vocaturo, Daniele"]
[Black "Inarkiev, Ernesto"]
[Result "1/2-1/2"]
[WhiteElo "2620"]
[BlackElo "2693"]
[Annotator "TA"]
[PlyCount "100"]
[EventDate "2019.10.10"]
[EventType "swiss"]
[EventCountry "GBR"]
[SourceTitle "playchess.com"]
[Source "ChessBase"]
[SourceQuality "1"]

{[%evp 12,100,22,19,29,12,9,9,30,3,11,0,12,8,27,34,19,0,0,0,0,-25,0,0,0,-41,-25,-116,-105,-103,-104,-111,-101,-102,-110,-129,-129,-124,-114,-121,-120,-108,-121,-121,-107,-133,-126,-124,-137,-195,-185,-195,-178,-163,-127,-131,-124,-189,-121,-109,-99,-99,-115,-113,0,0,0,0,0,0,0,0,0,0,0,0,0,0,0,0,12,0,0,0,0,0,0,0,0,0,0]} 1. e4 c5 2. Nf3 d6 3. d4 cxd4 4. Nxd4 Nf6 5. Nc3 a6 6. h3 e6 7. g4 h6 {B81: Sicilian Scheveningen: Keres Attack} 8. a3 (8. Bg2 Be7 9. Qd3 Nc6 10. Nxc6 bxc6 11. e5 Nd5 12. exd6 Bxd6 13. Ne4 Bc7 14. c4 Nf4 15. Qxd8+ Kxd8 16. Kf1 {½-½ (45) Nepomniachtchi,I (2775)-Wojtaszek,R (2737) Dortmund 2019}) 8... b5 9. Bg2 $146 {Threatening e5.} ({Predecessor:} 9. f4 Bb7 10. Bg2 Nbd7 11. Qe2 Rc8 12. Bd2 Qb6 13. Nb3 Nc5 14. Be3 Be7 15. O-O {½-½ (31) Babic,D (2463)-Kracht,J (2392) ICCF email 2016}) 9... Bb7 10. Qe2 Nbd7 11. Bd2 Rc8 12. O-O-O g5 13. h4 Rg8 $1 14. hxg5 hxg5 15. Rh3 Qc7 16. Rg3 Ne5 17. Kb1 Qc4 18. Qxc4 Rxc4 19. Nb3 (19. Bc1 $11 {remains equal.}) 19... Bxe4 $17 ({Worse is} 19... Nfxg4 20. f3 $14) 20. Na5 {[#]} Bxg2 $1 21. Nxc4 Bf3 {[%mdl 64] Double Attack} 22. Nxe5 Bxd1 23. Nxf7 {[#]} Bxc2+ $1 {[%mdl 512]} 24. Kxc2 Kxf7 25. f3 d5 26. Rh3 Kg6 27. Ne2 Bg7 28. Nd4 Re8 29. Kd3 Nd7 30. Rh5 (30. Ke3 $17 {was worth a try.}) 30... Bf6 $19 31. Bc3 Nc5+ 32. Kd2 Rc8 33. Rh2 Be5 34. Re2 (34. Rh5 $17 {was necessary.}) 34... Bf4+ ({Better is} 34... Bxd4 $19 35. Bxd4 Nb3+ 36. Ke3 Rc4) 35. Kd1 $17 e5 36. Nf5 Rh8 {aiming for ...d4.} 37. b4 d4 ({Black should play} 37... Nb3 $17 {And now ...d4 would win.} 38. Ne7+ Kf7 39. Nxd5 Rd8) 38. bxc5 $11 {Threatens to win with Bd2.The position is equal.} dxc3 {[%mdl 4096] Endgame KRB-KRN} 39. Kc2 Kf6 40. Kxc3 Ke6 41. Kb4 Kd7 42. Rc2 Re8 43. Nd6 Rd8 44. Nb7 Rc8 45. Nd6 Rf8 46. Nf5 {c6+ is the strong threat.} Re8 47. Nd6 Rd8 48. Nb7 Rc8 49. Nd6 Rh8 50. Nf5 Re8 {Accuracy: White = 63%, Black = 79%.} 1/2-1/2

[Event "FIDE Chesscom Grand Swiss 2019"]
[Site "Douglas-Isle of Man"]
[Date "2019.10.15"]
[Round "7.3"]
[White "Kamsky, Gata"]
[Black "Volokitin, Andrei"]
[Result "1/2-1/2"]
[WhiteElo "2685"]
[BlackElo "2627"]
[Annotator "TA"]
[PlyCount "39"]
[EventDate "2019.10.10"]
[EventType "swiss"]
[EventCountry "GBR"]
[SourceTitle "playchess.com"]
[Source "ChessBase"]
[SourceQuality "1"]

{[%evp 20,39,14,0,0,8,8,0,0,0,0,0,0,0,0,0,0,0,0,0,0,0]} 1. e4 e5 2. Nf3 Nf6 3. d4 Nxe4 4. Bd3 d5 5. Nxe5 Nd7 6. Nxd7 Bxd7 7. O-O Bd6 8. c4 c6 9. cxd5 cxd5 10. Qh5 O-O 11. Qxd5 {The position is equal.} Bc6 $1 {C43: Petroff Defence: 3 d4} ({Much weaker is} 11... Qh4 $6 12. g3 $16) 12. Qh5 g6 13. Qh6 Re8 {[#] White must now prevent ...Bf8.} 14. Nc3 Bf8 15. Qf4 $1 {[%cal Rc3e4]} Bd6 $146 ({Predecessor:} 15... Qxd4 16. Bxe4 Bxe4 17. Be3 Qe5 18. Qxe5 Rxe5 19. Nxe4 Rxe4 20. Rac1 Ra4 21. Rc7 Rxa2 22. Rxb7 Bg7 23. Rb1 a5 24. b3 h5 25. g3 {½-½ (25) Tomczak,J (2600)-Nurkiewicz,M (2368) Warsaw 2018}) 16. Qh6 Bf8 17. Qf4 $1 {[%cal Rc3e4]} Bd6 18. Qh6 Bf8 19. Qf4 $1 {[%cal Rc3e4]} Bd6 20. Qh6 1/2-1/2

[Event "FIDE Chesscom Grand Swiss 2019"]
[Site "Douglas-Isle of Man"]
[Date "2019.10.17"]
[Round "7.3"]
[White "Alekseenko, Kirill"]
[Black "Carlsen, Magnus"]
[Result "1/2-1/2"]
[WhiteElo "2674"]
[BlackElo "2876"]
[Annotator "TA"]
[PlyCount "110"]
[EventDate "2019.10.10"]
[EventType "swiss"]
[EventCountry "GBR"]
[SourceTitle "playchess.com"]
[Source "ChessBase"]
[SourceQuality "1"]

{[%evp 21,110,0,34,44,28,36,58,41,31,41,39,37,42,36,45,0,0,-16,0,0,0,0,0,0,0,0,0,0,4,0,0,0,2,4,6,10,6,0,0,0,0,0,0,0,0,0,0,0,0,0,0,0,0,0,0,0,0,0,0,0,0,0,0,-8,-8,-8,-8,-8,-8,-16,-16,-16,-16,-38,-38,-38,-38,-38,-38,-38,-38,-38,-8,-38,-38,-38,-38,-38,-38,-38,-38]} 1. e4 c5 2. Nf3 d6 3. d4 cxd4 4. Nxd4 Nf6 5. Nc3 a6 6. Be2 e5 7. Nb3 Be7 8. O-O O-O 9. Kh1 b5 10. a4 Bb7 11. Nd5 b4 (11... Bxd5 {is interesting.} 12. exd5 b4 13. Qd3 Nbd7 14. a5 Qc7) 12. Nxf6+ {B92: Sicilian Najdorf: 6 Be2} Bxf6 13. f3 Qc7 {[#]} 14. Bd2 $146 {White is slightly better.} ({Predecessor:} 14. a5 d5 15. exd5 Rd8 16. Be3 Rxd5 17. Qe1 Be7 18. Bd3 Nd7 19. Qe2 Rd6 {½-½ (30) Istratescu,A (2616)-Gallagher,J (2534) Switzerland 2007}) 14... Nc6 15. a5 Bc8 16. Bc4 Be6 17. Bxe6 fxe6 18. Qe2 Rfc8 19. Rfd1 Nd4 20. Nxd4 exd4 21. Bxb4 Qxc2 22. Qxc2 Rxc2 23. Bxd6 Rxb2 24. e5 Bd8 25. h3 Rc8 26. Rxd4 h5 27. Bb4 Bg5 28. f4 Bh4 29. Be1 Bxe1 30. Rxe1 $11 {[%mdl 4096] Endgame KRR-KRR} Rcc2 31. Rg1 Ra2 32. Rd6 Rxa5 33. Rxe6 Rf2 34. Rc1 Kh7 35. Re1 Raa2 36. f5 Rxg2 37. Rxa6 Rh2+ 38. Kg1 {[#] Hoping for Rxa2.} Rag2+ 39. Kf1 Rf2+ 40. Kg1 Rfg2+ 41. Kf1 Rg5 42. Ra3 Rh1+ 43. Ke2 Rxe1+ 44. Kxe1 Rxf5 {KR-KR} 45. e6 Re5+ 46. Kf2 Rxe6 47. Kg3 g5 48. Ra8 Rd6 49. Rb8 Kg7 50. Ra8 Kf6 51. Rf8+ Ke5 52. Re8+ Kf5 {Black is slightly better.} 53. Rf8+ Rf6 54. Ra8 h4+ 55. Kg2 Rb6 {Accuracy: White = 65%, Black = 85%.} 1/2-1/2

[Event "FIDE Chesscom Grand Swiss 2019"]
[Site "Douglas-Isle of Man"]
[Date "2019.10.17"]
[Round "7.4"]
[White "Anton Guijarro, David"]
[Black "Vitiugov, Nikita"]
[Result "1/2-1/2"]
[WhiteElo "2674"]
[BlackElo "2732"]
[Annotator "TA"]
[PlyCount "82"]
[EventDate "2019.10.10"]
[EventType "swiss"]
[EventCountry "GBR"]
[SourceTitle "playchess.com"]
[Source "ChessBase"]
[SourceQuality "1"]

{[%evp 23,82,12,14,14,17,6,12,12,10,9,13,9,11,11,18,8,4,9,12,9,15,0,5,7,14,12,14,14,19,23,14,0,19,24,15,8,8,8,11,6,61,61,61,40,63,57,45,49,38,29,32,18,13,12,16,8,8,0,0,0,0]} 1. c4 c6 2. Nf3 d5 3. d4 Nf6 4. Nc3 e6 5. e3 Nbd7 6. Qc2 Bd6 7. b3 O-O 8. Be2 e5 9. cxd5 cxd5 10. Nb5 Bb4+ 11. Bd2 Bxd2+ 12. Nxd2 a6 13. dxe5 {D45: Semi-Slav: 5 e3} Nxe5 14. Nd4 Bg4 15. Bxg4 Nfxg4 16. O-O Rc8 ({Much worse is} 16... Qh4 $6 17. h3 $16) 17. Qf5 {[#] aiming for h3.} g6 ({Not} 17... Qh4 $2 18. h3 $18) 18. Qf4 {Strongly threatening h3.} Qe7 19. N2f3 Rc5 {[#]} 20. Rfd1 $146 ({Predecessor:} 20. Nxe5 Nxe5 {½-½ (68) Le,Q (2739)-Sasikiran,K (2676) Ashkhabad 2017}) 20... Rfc8 21. h3 Nxf3+ 22. gxf3 Nf6 23. Qg5 Kf8 24. Kg2 Ng8 25. h4 Qf6 26. b4 Rc4 27. Rab1 (27. a3 {with more complications.} Qd6 28. Nb3 Ne7 29. h5 gxh5 30. Rh1) 27... Qxg5+ 28. hxg5 h6 29. f4 hxg5 30. fxg5 Ne7 31. b5 axb5 (31... a5 $11) 32. Rxb5 $14 R8c7 33. Rd2 Ra4 34. Kf3 Kg7 35. Rdb2 Ra7 36. Kf4 Rd7 37. Rc5 Ra4 {The position is equal.} 38. Kf3 Nf5 39. Nxf5+ gxf5 40. Rd2 Kg6 41. Rdxd5 Rxd5 {Accuracy: White = 52%, Black = 65%.} 1/2-1/2

[Event "FIDE Chesscom Grand Swiss 2019"]
[Site "Douglas-Isle of Man"]
[Date "2019.10.15"]
[Round "7.4"]
[White "Hansen, Eric"]
[Black "Ragger, Markus"]
[Result "0-1"]
[WhiteElo "2611"]
[BlackElo "2684"]
[Annotator "TA"]
[PlyCount "84"]
[EventDate "2019.10.10"]
[EventType "swiss"]
[EventCountry "GBR"]
[SourceTitle "playchess.com"]
[Source "ChessBase"]
[SourceQuality "1"]

{[%evp 13,84,22,27,26,17,25,26,26,14,26,31,12,31,30,32,32,56,9,0,0,0,0,10,14,38,-26,10,-102,-79,-115,-74,-145,-121,-231,-199,-243,-160,-187,-191,-206,-217,-194,-197,-269,-263,-257,-316,-517,-485,-485,-503,-504,-488,-415,-297,-369,-325,-456,-449,-688,-658,-2103,-2006,-1419,-1341,-29986,-29987,-29987,-29988,-29988,-29989,-29989,-29990]} 1. e4 c5 2. Nf3 Nc6 3. Bb5 g6 4. Bxc6 bxc6 5. O-O Bg7 6. Re1 Nh6 7. c3 O-O 8. h3 {B31: Sicilian: 2...Nc6 3 Bb5 g6} (8. d4 cxd4 9. cxd4 d5 10. e5 f6 11. exf6 exf6 12. Nbd2 Re8 13. Nb3 Rxe1+ 14. Qxe1 Nf5 15. Bd2 Bd7 16. Nc5 Qc7 17. Rc1 Re8 {½-½ (48) Aronian,L (2758)-Le,Q (2708) Khanty-Mansiysk 2019}) 8... f5 9. e5 Nf7 10. d3 {White has an edge.} h6 11. Nbd2 $146 ({Predecessor:} 11. h4 e6 12. Be3 g5 13. hxg5 hxg5 14. Bxc5 g4 15. Bxf8 Qxf8 {½-½ (28) Andreev,E (2433)-Petrov,N (2610) Llucmajor 2019}) 11... d6 {[%cal Rf7e5]} 12. Nc4 Ba6 13. e6 Nh8 14. h4 f4 15. Bd2 Rf5 16. Qa4 Bb5 17. Qc2 Qf8 18. Na5 g5 19. c4 (19. hxg5 $1 $14 hxg5 20. Nh2) 19... Ba6 {Black wants to play ...g4.} 20. Bc3 (20. Nxc6 $2 Bb7 $19) (20. hxg5 $11 {remains equal.} hxg5 21. Nh2 (21. Nxc6 Bb7 $17)) 20... g4 $17 21. Nh2 h5 22. g3 (22. f3 $142) 22... Ng6 23. Qa4 (23. Nb3 $17 {was called for.}) 23... Rc8 24. Nb3 Bb7 {And now ...Bxc3 would win.} 25. Nd2 Bd4 ({Don't play} 25... fxg3 26. fxg3 Rd8 27. Rad1 $17) 26. Bxd4 cxd4 27. Qxa7 {[#]} Rb8 $1 ({And not} 27... fxg3 28. fxg3 Ba8 29. Qxd4 $11) 28. Re2 (28. c5 $142 Rxc5 29. Nc4) 28... c5 $19 29. b4 Bf3 ({Less strong is} 29... cxb4 30. Qxd4 Ra5 31. Nb3 $17) 30. Ree1 $2 (30. Ndxf3 {was the only defense.} gxf3 31. Rb2) 30... Rxb4 31. Rab1 {White hopes to continue with Rxb4.} fxg3 32. fxg3 {intending Rxb4.} Rxb1 33. Rxb1 {aiming for Rb8.} Qf6 34. Nhxf3 gxf3 35. Ne4 (35. Qd7 {is a better defense.} Qf8 36. Qb7) 35... Qxe6 36. Rb8+ (36. Qb8+ $142 Rf8 37. Qb7) 36... Kg7 {Threatens to win with ...f2+!} 37. Qa8 {[#]} f2+ $1 {[%mdl 512]} 38. Kf1 (38. Nxf2 Qe1+) 38... Rf3 {( -> ...Qh3+)} 39. Nxf2 Qh3+ {Black mates.} 40. Ke2 Re3+ 41. Kd2 Qf1 {[%csl Gf1][%cal Re3e2]} 42. Rg8+ Kh7 {Accuracy: White = 41%, Black = 80%.} 0-1

[Event "FIDE Chesscom Grand Swiss 2019"]
[Site "Douglas-Isle of Man"]
[Date "2019.10.17"]
[Round "7.5"]
[White "Yu, Yangyi"]
[Black "Maghsoodloo, Parham"]
[Result "1/2-1/2"]
[WhiteElo "2763"]
[BlackElo "2664"]
[Annotator "TA"]
[PlyCount "98"]
[EventDate "2019.10.10"]
[EventType "swiss"]
[EventCountry "GBR"]
[SourceTitle "playchess.com"]
[Source "ChessBase"]
[SourceQuality "1"]

{[%evp 10,98,29,29,25,39,17,21,27,20,13,13,24,25,33,34,19,12,20,15,17,20,22,15,18,16,50,22,68,58,68,64,73,74,79,62,101,77,57,25,26,17,6,7,20,21,22,20,116,117,125,121,127,127,102,107,124,69,73,99,228,37,37,37,42,49,37,11,11,11,11,11,11,0,0,0,11,11,11,11,17,17,17,11,11,11,11,11,11,11,11]} 1. d4 f5 2. g3 Nf6 3. Bg2 g6 4. Nf3 Bg7 5. O-O O-O 6. b3 b6 {A81: Dutch Defence: 2 g3} (6... d6 7. Bb2 c6 8. Nbd2 a5 9. c4 Na6 10. a3 Rb8 11. Ne1 e5 12. dxe5 Nd7 13. Qc2 dxe5 14. Nd3 e4 15. Nf4 Ne5 16. Rfd1 Qb6 17. Nf1 Nc5 18. Rab1 {1-0 (52) Fressinet,L (2722)-Lagarde,M (2659) Orsay 2018}) 7. c4 Bb7 8. Nc3 e6 9. Bf4 $146 ({Predecessor:} 9. Bb2 Qe7 10. Qc2 d6 11. e3 Nbd7 12. Rad1 a6 13. d5 e5 14. b4 h6 15. Nh4 Qf7 16. e4 f4 17. gxf4 exf4 {½-½ (17) Csati,O (2220)-Schatz,C (2198) Marianske Lazne 2017}) 9... a5 10. Rc1 Na6 11. d5 Nc5 12. dxe6 Nxe6 13. Be5 Bh6 14. e3 Ng4 {Threatens to win with ...Bxf3.} 15. Nd5 Nxe5 16. Nxe5 d6 17. Nd3 Rb8 18. a3 {[%cal Ba2a3,Ba3b4,Bb4b5,Bb5c6][%mdl 32]} Re8 19. b4 axb4 20. axb4 Ng5 21. b5 Bg7 22. N3b4 Ne4 23. Nc6 Bxc6 24. bxc6 (24. Bxe4 {keeps more tension.} Ba8 25. Bg2 Bb7 26. Ne7+ Rxe7 27. Bxb7 g5 28. Bd5+) 24... Nf6 $1 25. Nc3 Kh8 26. Ra1 Ne4 27. Nxe4 fxe4 28. Ra7 b5 {[#]} (28... Ra8 $11 {remains equal.} 29. Rxa8 Qxa8) 29. cxb5 $1 $16 Rxb5 30. Qa4 Rbe5 31. Bh3 Rf8 32. Bd7 h5 33. Qa6 (33. Qb4 $16) 33... Rc5 $14 34. Qb7 Rc2 (34... d5 $16) 35. Qb3 $2 (35. Qxc7 $18 Qxc7 36. Rxc7) 35... Rb2 36. Qe6 {[%mdl 64] [#] Double Attack} Qg5 37. Qxe4 d5 38. Qe6 d4 $1 {The position is equal.} 39. Rb7 dxe3 {[%cal Rb2f2]} 40. Rxb2 Bxb2 41. fxe3 Rxf1+ 42. Kxf1 Qf6+ (42... Qb5+ {with more complications.} 43. Kf2 Qd3 44. Qf7 Qc2+ 45. Kg1 Bg7) 43. Qxf6+ (43. Kg2 {looks sharper.} Kg7 44. Qxf6+ Kxf6 45. Kf3 Bc3 46. Ke4) 43... Bxf6 $11 {[%mdl 4096] Endgame KB-KB} 44. Ke2 Kg7 45. Kf3 Be5 46. Ke4 Kf6 47. Be8 h4 48. gxh4 Bxh2 49. Kd5 Bg3 {Accuracy: White = 65%, Black = 58%.} 1/2-1/2